[Event "DVM U12 2016"]
[Site "Magdeburg GER"]
[Date "2016.12.30"]
[Round "7"]
[White "Fuhrmann, Philipp"]
[Black "Wagner, Victoria"]
[Result "1-0"]
[Termination "normal"]
[Board "2.3"]
[WhiteElo "1466"]
[BlackElo "1474"]
[WhiteClock "00:25:33"]
[BlackClock "00:14:12"]
[WhiteTeam "Hamburger SK"]
[BlackTeam "Erfurter SK"]
[PlyCount "97"]
[WhiteFideId "16227557"]
[BlackFideId "16232348"]
[EventCountry "GER"]
[EventRounds "7"]
[EventType "team-swiss"]
[EventDate "2016.12.26"]

1. e4 {[%clk 1:15:49]} c5 {[%clk 1:15:54]} 2. Nf3 {[%clk 1:15:56]} d6 {[%clk
1:16:13]} 3. Bb5+ {[%clk 1:15:28]} Bd7 {[%clk 1:16:15]} 4. Bxd7+ {[%clk
1:15:17]} Nxd7 {[%clk 1:16:34]} 5. d4 {[%clk 1:15:16]} cxd4 {[%clk 1:16:34]} 6.
Qxd4 {[%clk 1:14:01]} Ngf6 {[%clk 1:13:21]} 7. Nc3 {[%clk 1:11:33]} e5 {[%clk
1:10:59]} 8. Qd3 {[%clk 1:09:48]} Be7 {[%clk 1:06:11]} 9. O-O {[%clk 1:08:20]}
O-O {[%clk 1:05:44]} 10. h3 {[%clk 1:06:54]} Nc5 {[%clk 1:02:30]} 11. Qe2
{[%clk 1:04:34]} a6 {[%clk 0:58:40]} 12. a4 {[%clk 1:02:29]} Ne6 {[%clk
0:49:56]} 13. Be3 {[%clk 0:59:29]} Nh5 {[%clk 0:47:19]} 14. Nd5 {[%clk
0:58:45]} Nhf4 {[%clk 0:47:03]} 15. Bxf4 {[%clk 0:57:04]} Nxf4 {[%clk 0:46:36]}
16. Nxf4 {[%clk 0:56:08]} exf4 {[%clk 0:46:52]} 17. Qd2 {[%clk 0:56:07]} Bf6
{[%clk 0:45:58]} 18. c3 {[%clk 0:50:04]} Qe7 {[%clk 0:43:03]} 19. Qxf4 {[%clk
0:48:11]} Rfe8 {[%clk 0:42:20]} 20. Rfe1 {[%clk 0:48:08]} Rad8 {[%clk 0:33:56]}
21. Rad1 {[%clk 0:43:21]} Be5 {[%clk 0:25:45]} 22. Qd2 {[%clk 0:39:15]} h6
{[%clk 0:19:59]} 23. Qd3 {[%clk 0:30:58]} Qe6 {[%clk 0:18:14]} 24. Qd5 {[%clk
0:26:03]} Qe7 {[%clk 0:15:54]} 25. Rd3 {[%clk 0:22:16]} Qc7 {[%clk 0:13:09]}
26. Red1 {[%clk 0:20:45]} Qb6 {[%clk 0:11:48]} 27. R1d2 {[%clk 0:19:54]} Qc7
{[%clk 0:09:54]} 28. g3 {[%clk 0:19:17]} Qb6 {[%clk 0:08:11]} 29. Kg2 {[%clk
0:19:26]} Qc7 {[%clk 0:08:19]} 30. Qb3 {[%clk 0:18:12]} Bf6 {[%clk 0:06:06]}
31. Qd5 {[%clk 0:17:38]} Be5 {[%clk 0:06:07]} 32. Nh4 {[%clk 0:17:23]} Qb6
{[%clk 0:05:26]} 33. Nf5 {[%clk 0:17:19]} Qc7 {[%clk 0:04:55]} 34. f4 {[%clk
0:16:43]} Qb6 {[%clk 0:03:11]} 35. fxe5 {[%clk 0:15:58]} dxe5 {[%clk 0:03:11]}
36. Qa2 {[%clk 0:11:55]} Rxd3 {[%clk 0:02:32]} 37. Rxd3 {[%clk 0:12:15]} Rd8
{[%clk 0:02:04]} 38. Rxd8+ {[%clk 0:12:02]} Qxd8 {[%clk 0:02:25]} 39. Qd5
{[%clk 0:12:16]} Qc7 {[%clk 0:02:18]} 40. h4 {[%clk 0:11:35]} Kh7 {[%clk
0:02:06]} 41. Kh3 {[%clk 0:10:13]} g6 {[%clk 0:01:07]} 42. Nd6 {[%clk 0:10:24]}
Qd7+ {[%clk 0:01:18]} 43. g4 {[%clk 0:10:28]} Kg8 {[%clk 0:00:50]} 44. Qxe5
{[%clk 0:09:28]} Kf8 {[%clk 0:13:38]} 45. Qf6 {[%clk 0:24:28]} h5 {[%clk
0:13:29]} 46. Qxf7+ {[%clk 0:24:24]} Qxf7 {[%clk 0:13:49]} 47. Nxf7 {[%clk
0:24:48]} Kxf7 {[%clk 0:13:57]} 48. gxh5 {[%clk 0:25:10]} gxh5 {[%clk 0:14:12]}
49. Kg3 {[%clk 0:25:33]} 1-0

[Event "DVM U12 2016"]
[Site "Magdeburg GER"]
[Date "2016.12.30"]
[Round "7"]
[White "Wagner, Margarethe"]
[Black "von Krosigk, Florian"]
[Result "1/2-1/2"]
[Termination "normal"]
[Board "2.4"]
[WhiteElo "1295"]
[BlackElo "1627"]
[WhiteClock "00:15:10"]
[BlackClock "00:07:42"]
[WhiteTeam "Erfurter SK"]
[BlackTeam "Hamburger SK"]
[PlyCount "130"]
[WhiteFideId "16236947"]
[BlackFideId "16227808"]
[EventCountry "GER"]
[EventRounds "7"]
[EventType "team-swiss"]
[EventDate "2016.12.26"]

1. e4 {[%clk 1:15:59]} e5 {[%clk 1:15:53]} 2. Nf3 {[%clk 1:16:25]} Nc6 {[%clk
1:16:18]} 3. Bb5 {[%clk 1:16:47]} a6 {[%clk 1:16:43]} 4. Bxc6 {[%clk 1:16:56]}
dxc6 {[%clk 1:16:21]} 5. h3 {[%clk 1:17:14]} h5 {[%clk 1:11:32]} 6. d3 {[%clk
1:16:29]} Bc5 {[%clk 1:09:09]} 7. Nc3 {[%clk 1:12:09]} Ne7 {[%clk 1:06:17]} 8.
Be3 {[%clk 1:09:38]} Bxe3 {[%clk 1:04:25]} 9. fxe3 {[%clk 1:09:59]} Ng6 {[%clk
1:04:50]} 10. Qd2 {[%clk 1:07:16]} Qe7 {[%clk 1:01:56]} 11. O-O-O {[%clk
1:07:03]} Be6 {[%clk 1:01:18]} 12. Kb1 {[%clk 1:05:37]} O-O-O {[%clk 1:01:32]}
13. Na4 {[%clk 1:00:20]} Rhf8 {[%clk 0:54:46]} 14. Qc3 {[%clk 0:55:51]} Kb8
{[%clk 0:51:29]} 15. Qc5 {[%clk 0:52:06]} Qxc5 {[%clk 0:50:26]} 16. Nxc5 {[%clk
0:52:28]} Bc8 {[%clk 0:50:44]} 17. Ng5 {[%clk 0:50:36]} b6 {[%clk 0:50:49]} 18.
Nb3 {[%clk 0:50:25]} Nh4 {[%clk 0:49:10]} 19. Rdg1 {[%clk 0:46:07]} f6 {[%clk
0:44:41]} 20. Nf3 {[%clk 0:46:24]} Ng6 {[%clk 0:42:55]} 21. Nbd2 {[%clk
0:44:08]} Ne7 {[%clk 0:39:32]} 22. Nc4 {[%clk 0:40:21]} b5 {[%clk 0:38:45]} 23.
Na5 {[%clk 0:39:51]} Ka7 {[%clk 0:38:42]} 24. Nb3 {[%clk 0:39:21]} c5 {[%clk
0:32:17]} 25. Nxc5 {[%clk 0:38:55]} Kb6 {[%clk 0:32:40]} 26. Nb3 {[%clk
0:39:16]} c5 {[%clk 0:33:06]} 27. Nbd2 {[%clk 0:39:17]} g5 {[%clk 0:31:49]} 28.
Rd1 {[%clk 0:38:32]} Nc6 {[%clk 0:31:26]} 29. a3 {[%clk 0:38:39]} Be6 {[%clk
0:30:48]} 30. Nh2 {[%clk 0:36:20]} Rd6 {[%clk 0:24:54]} 31. Rhf1 {[%clk
0:35:21]} Rd7 {[%clk 0:22:51]} 32. Nhf3 {[%clk 0:34:16]} Rff7 {[%clk 0:22:34]}
33. Nh2 {[%clk 0:32:43]} a5 {[%clk 0:22:30]} 34. b3 {[%clk 0:29:43]} Ra7 {[%clk
0:21:49]} 35. c4 {[%clk 0:28:13]} b4 {[%clk 0:22:04]} 36. a4 {[%clk 0:28:13]}
Rad7 {[%clk 0:22:03]} 37. Ndf3 {[%clk 0:28:08]} Rd8 {[%clk 0:21:41]} 38. Ne1
{[%clk 0:27:26]} Kc7 {[%clk 0:19:46]} 39. Kc2 {[%clk 0:25:43]} Kd7 {[%clk
0:18:05]} 40. Rd2 {[%clk 0:24:36]} Ke7 {[%clk 0:18:14]} 41. Rdf2 {[%clk
0:24:25]} Rdf8 {[%clk 0:17:29]} 42. Nhf3 {[%clk 0:22:35]} Rd8 {[%clk 0:15:34]}
43. Ng1 {[%clk 0:21:55]} Rdf8 {[%clk 0:15:14]} 44. Ne2 {[%clk 0:21:20]} Rd8
{[%clk 0:13:38]} 45. Ng3 {[%clk 0:20:01]} Rh8 {[%clk 0:11:05]} 46. Ne2 {[%clk
0:17:49]} Rd8 {[%clk 0:11:10]} 47. Rh1 {[%clk 0:17:25]} h4 {[%clk 0:14:06]} 48.
Rhf1 {[%clk 0:29:31]} Rdf8 {[%clk 0:13:33]} 49. Nc1 {[%clk 0:28:36]} f5 {[%clk
0:11:40]} 50. exf5 {[%clk 0:28:29]} Rxf5 {[%clk 0:12:02]} 51. Rxf5 {[%clk
0:28:43]} Rxf5 {[%clk 0:12:26]} 52. Rxf5 {[%clk 0:29:08]} Bxf5 {[%clk 0:12:52]}
53. e4 {[%clk 0:29:25]} Nd4+ {[%clk 0:12:48]} 54. Kd2 {[%clk 0:29:03]} Bg6
{[%clk 0:12:04]} 55. Nc2 {[%clk 0:27:23]} Ne6 {[%clk 0:09:22]} 56. Ke3 {[%clk
0:24:44]} Bh5 {[%clk 0:08:26]} 57. Ne2 {[%clk 0:23:12]} Nf4 {[%clk 0:07:24]}
58. Nxf4 {[%clk 0:23:26]} gxf4+ {[%clk 0:07:48]} 59. Kd2 {[%clk 0:23:11]} Kd6
{[%clk 0:07:36]} 60. Ne1 {[%clk 0:22:12]} Ke6 {[%clk 0:07:21]} 61. Kc1 {[%clk
0:20:33]} Kd6 {[%clk 0:07:29]} 62. Kd2 {[%clk 0:18:46]} Ke6 {[%clk 0:07:24]}
63. Nc2 {[%clk 0:17:07]} Kd6 {[%clk 0:07:17]} 64. Ne1 {[%clk 0:15:10]} Ke6
{[%clk 0:07:42]} 65. Nc2 Bd1 1/2-1/2

[Event "DVM U12 2016"]
[Site "Magdeburg GER"]
[Date "2016.12.30"]
[Round "7"]
[White "Jakob, Georg"]
[Black "Sulayev, Daniel"]
[Result "0-1"]
[Termination "normal"]
[Board "3.1"]
[WhiteElo "1778"]
[BlackElo "1934"]
[WhiteClock "00:15:59"]
[BlackClock "00:44:12"]
[WhiteTeam "SG Königskinder Hohentübingen"]
[BlackTeam "Schachpinguine Berlin"]
[PlyCount "80"]
[WhiteFideId "16224221"]
[BlackFideId "12977675"]
[EventCountry "GER"]
[EventRounds "7"]
[EventType "team-swiss"]
[EventDate "2016.12.26"]

1. e4 {[%clk 1:15:59]} c5 {[%clk 1:15:52]} 2. Nf3 {[%clk 1:16:19]} Nc6 {[%clk
1:15:06]} 3. d4 {[%clk 1:16:43]} cxd4 {[%clk 1:15:30]} 4. Nxd4 {[%clk 1:17:07]}
Nf6 {[%clk 1:15:47]} 5. Nc3 {[%clk 1:17:32]} e5 {[%clk 1:16:13]} 6. Ndb5 {[%clk
1:17:55]} d6 {[%clk 1:16:39]} 7. Bg5 {[%clk 1:18:18]} a6 {[%clk 1:17:02]} 8.
Na3 {[%clk 1:18:42]} b5 {[%clk 1:17:28]} 9. Nd5 {[%clk 1:19:05]} Be7 {[%clk
1:17:53]} 10. Bxf6 {[%clk 1:19:28]} Bxf6 {[%clk 1:18:18]} 11. c3 {[%clk
1:19:51]} Bg5 {[%clk 1:18:30]} 12. Nc2 {[%clk 1:19:30]} Be6 {[%clk 1:16:04]}
13. Be2 {[%clk 1:17:10]} O-O {[%clk 1:16:07]} 14. O-O {[%clk 1:16:54]} Ne7
{[%clk 1:01:46]} 15. Ncb4 {[%clk 1:12:02]} Nxd5 {[%clk 0:57:11]} 16. Nxd5
{[%clk 1:12:20]} f5 {[%clk 0:45:05]} 17. exf5 {[%clk 1:02:16]} Bxf5 {[%clk
0:44:56]} 18. f4 {[%clk 1:01:58]} Bf6 {[%clk 0:45:05]} 19. Nxf6+ {[%clk
0:59:08]} Qxf6 {[%clk 0:44:49]} 20. fxe5 {[%clk 0:34:24]} dxe5 {[%clk 0:43:15]}
21. g4 {[%clk 0:29:33]} Qb6+ {[%clk 0:43:36]} 22. Kg2 {[%clk 0:25:04]} Be4+
{[%clk 0:43:47]} 23. Kg3 {[%clk 0:16:55]} Qe3+ {[%clk 0:43:25]} 24. Rf3 {[%clk
0:15:42]} Bxf3 {[%clk 0:43:04]} 25. Bxf3 {[%clk 0:16:03]} e4 {[%clk 0:43:20]}
26. Qd5+ {[%clk 0:16:26]} Kh8 {[%clk 0:42:57]} 27. Qxe4 {[%clk 0:16:24]} Rae8
{[%clk 0:42:50]} 28. Qxe3 {[%clk 0:16:29]} Rxe3 {[%clk 0:43:13]} 29. Rf1 {[%clk
0:16:54]} Rd3 {[%clk 0:43:30]} 30. Rf2 {[%clk 0:17:09]} g5 {[%clk 0:43:16]} 31.
Kg2 {[%clk 0:15:56]} Rf4 {[%clk 0:42:45]} 32. h3 {[%clk 0:15:29]} a5 {[%clk
0:41:59]} 33. Bc6 {[%clk 0:14:57]} Rxf2+ {[%clk 0:42:07]} 34. Kxf2 Rd2+ {[%clk
0:42:31]} 35. Kg3 {[%clk 0:15:30]} Rxb2 {[%clk 0:42:55]} 36. h4 {[%clk
0:15:44]} h6 {[%clk 0:43:15]} 37. hxg5 {[%clk 0:15:40]} hxg5 {[%clk 0:43:36]}
38. Bd5 {[%clk 0:15:24]} Rd2 {[%clk 0:43:46]} 39. Bc6 {[%clk 0:15:36]} Rxa2
{[%clk 0:43:47]} 40. Bxb5 {[%clk 0:15:59]} Ra3 {[%clk 0:44:12]} 0-1

[Event "DVM U12 2016"]
[Site "Magdeburg GER"]
[Date "2016.12.30"]
[Round "7"]
[White "Morczynski, Joachim"]
[Black "Wang, Xinyuan"]
[Result "0-1"]
[Termination "normal"]
[Board "3.2"]
[WhiteElo "1645"]
[BlackElo "1688"]
[WhiteClock "00:30:08"]
[BlackClock "00:38:30"]
[WhiteTeam "Schachpinguine Berlin"]
[BlackTeam "SG Königskinder Hohentübingen"]
[PlyCount "94"]
[WhiteFideId "16209745"]
[BlackFideId "16221494"]
[EventCountry "GER"]
[EventRounds "7"]
[EventType "team-swiss"]
[EventDate "2016.12.26"]

1. e4 {[%clk 1:15:58]} c5 {[%clk 1:15:56]} 2. Nf3 {[%clk 1:16:22]} a6 {[%clk
1:16:25]} 3. c4 {[%clk 1:16:45]} Nc6 {[%clk 1:16:42]} 4. Nc3 {[%clk 1:16:54]}
g6 {[%clk 1:16:56]} 5. Be2 {[%clk 1:16:56]} Bg7 {[%clk 1:17:16]} 6. O-O {[%clk
1:16:47]} e6 {[%clk 1:17:34]} 7. d3 {[%clk 1:16:01]} Nge7 {[%clk 1:17:40]} 8.
Be3 {[%clk 1:15:57]} d6 {[%clk 1:17:49]} 9. d4 {[%clk 1:16:02]} cxd4 {[%clk
1:17:50]} 10. Nxd4 {[%clk 1:15:56]} O-O {[%clk 1:17:44]} 11. f3 {[%clk
1:15:18]} f5 {[%clk 1:17:26]} 12. Qd2 {[%clk 1:15:07]} e5 {[%clk 1:15:45]} 13.
Nc2 {[%clk 1:11:21]} Qc7 {[%clk 1:13:27]} 14. Rab1 {[%clk 1:09:46]} Be6 {[%clk
1:12:48]} 15. b4 {[%clk 1:08:11]} Rfd8 {[%clk 1:12:36]} 16. a4 {[%clk 1:07:23]}
Nc8 {[%clk 1:08:26]} 17. Rfd1 {[%clk 1:05:34]} b6 18. Nd5 {[%clk 1:04:23]} Bxd5
{[%clk 1:06:13]} 19. Qxd5+ {[%clk 1:02:18]} Kh8 {[%clk 1:06:24]} 20. b5 {[%clk
1:00:26]} N8e7 {[%clk 1:06:04]} 21. Qe6 {[%clk 0:59:19]} Nd4 {[%clk 1:01:41]}
22. Nxd4 {[%clk 0:56:26]} exd4 {[%clk 1:01:52]} 23. Bxd4 {[%clk 0:56:24]} Bxd4+
{[%clk 1:02:07]} 24. Rxd4 {[%clk 0:56:36]} Qc5 {[%clk 1:01:34]} 25. Qf6+ {[%clk
0:55:51]} Kg8 {[%clk 1:01:30]} 26. Kh1 {[%clk 0:55:23]} axb5 {[%clk 0:49:56]}
27. axb5 {[%clk 0:48:19]} Qe5 {[%clk 0:44:24]} 28. Qxe5 {[%clk 0:44:19]} dxe5
{[%clk 0:44:11]} 29. Rxd8+ {[%clk 0:43:55]} Rxd8 {[%clk 0:44:27]} 30. Rd1
{[%clk 0:43:58]} Rd4 {[%clk 0:42:38]} 31. Rxd4 {[%clk 0:42:54]} exd4 {[%clk
0:42:49]} 32. Kg1 {[%clk 0:43:01]} fxe4 33. fxe4 {[%clk 0:42:59]} Kf7 {[%clk
0:43:20]} 34. c5 {[%clk 0:41:36]} bxc5 {[%clk 0:43:01]} 35. b6 {[%clk 0:41:09]}
Nc6 {[%clk 0:43:15]} 36. Bb5 {[%clk 0:37:24]} Nb8 {[%clk 0:42:28]} 37. Bc4+
{[%clk 0:37:09]} Ke7 {[%clk 0:42:27]} 38. Bd5 {[%clk 0:35:55]} Kd6 {[%clk
0:42:02]} 39. Kf2 {[%clk 0:35:35]} Nd7 {[%clk 0:40:41]} 40. b7 {[%clk 0:35:43]}
Kc7 {[%clk 0:40:56]} 41. Ke2 {[%clk 0:35:14]} Nf6 {[%clk 0:40:40]} 42. b8=Q+
{[%clk 0:30:54]} Kxb8 {[%clk 0:41:02]} 43. Bc6 {[%clk 0:30:43]} Kc7 {[%clk
0:41:07]} 44. Ba8 {[%clk 0:30:51]} Kb6 {[%clk 0:41:23]} 45. Kd3 {[%clk
0:30:59]} Kb5 {[%clk 0:41:29]} 46. h4 {[%clk 0:30:25]} Nd7 {[%clk 0:38:09]} 47.
g4 {[%clk 0:30:08]} Ne5+ {[%clk 0:38:30]} 0-1

[Event "DVM U12 2016"]
[Site "Magdeburg GER"]
[Date "2016.12.30"]
[Round "7"]
[White "Aptyka, Tim"]
[Black "Franz, Franz Theodor"]
[Result "1-0"]
[Termination "normal"]
[Board "3.3"]
[WhiteElo "1524"]
[BlackElo "1341"]
[WhiteClock "00:13:48"]
[BlackClock "00:08:37"]
[WhiteTeam "SG Königskinder Hohentübingen"]
[BlackTeam "Schachpinguine Berlin"]
[PlyCount "119"]
[WhiteFideId "16255860"]
[BlackFideId "12992674"]
[EventCountry "GER"]
[EventRounds "7"]
[EventType "team-swiss"]
[EventDate "2016.12.26"]

1. e4 {[%clk 1:15:57]} e5 {[%clk 1:15:53]} 2. f4 {[%clk 1:16:23]} exf4 {[%clk
1:16:01]} 3. Nf3 {[%clk 1:16:45]} Be7 {[%clk 1:15:50]} 4. Bc4 {[%clk 1:16:48]}
Bh4+ {[%clk 1:15:39]} 5. Kf1 {[%clk 1:17:08]} d5 {[%clk 1:15:23]} 6. Bxd5
{[%clk 1:15:23]} Nf6 {[%clk 1:15:03]} 7. Bxf7+ {[%clk 1:12:15]} Kxf7 {[%clk
1:12:05]} 8. Nxh4 {[%clk 1:11:23]} Nxe4 {[%clk 1:07:01]} 9. Nf3 {[%clk
1:07:40]} Bg4 {[%clk 1:02:36]} 10. Ne5+ {[%clk 1:07:08]} Ke7 {[%clk 0:56:50]}
11. Nxg4 {[%clk 1:06:15]} Re8 {[%clk 0:46:51]} 12. d3 {[%clk 1:03:09]} Kf8
{[%clk 0:40:53]} 13. Qf3 {[%clk 0:58:35]} Nf6 {[%clk 0:35:28]} 14. Nxf6 {[%clk
0:57:05]} Qxf6 {[%clk 0:33:36]} 15. Qxf4 {[%clk 0:55:39]} Nd7 {[%clk 0:32:26]}
16. Qxf6+ {[%clk 0:54:32]} Nxf6 {[%clk 0:32:47]} 17. Nc3 {[%clk 0:51:39]} c6
{[%clk 0:32:21]} 18. g3 {[%clk 0:48:02]} Re7 {[%clk 0:31:11]} 19. Bf4 {[%clk
0:45:47]} Kg8 {[%clk 0:30:54]} 20. Kg2 {[%clk 0:41:54]} Rae8 {[%clk 0:30:12]}
21. Rhf1 {[%clk 0:37:33]} b5 {[%clk 0:27:38]} 22. Bg5 {[%clk 0:36:25]} Re6
{[%clk 0:23:05]} 23. Bxf6 {[%clk 0:35:34]} gxf6 {[%clk 0:22:59]} 24. Ne4 {[%clk
0:34:18]} Kg7 {[%clk 0:22:35]} 25. Rf4 {[%clk 0:33:04]} Kg6 {[%clk 0:20:28]}
26. Raf1 {[%clk 0:32:18]} Rf8 {[%clk 0:20:37]} 27. g4 {[%clk 0:30:14]} h6
{[%clk 0:18:45]} 28. h4 {[%clk 0:29:20]} Rf7 {[%clk 0:17:40]} 29. g5 {[%clk
0:28:43]} hxg5 {[%clk 0:16:36]} 30. hxg5 {[%clk 0:28:45]} f5 {[%clk 0:16:08]}
31. Ng3 {[%clk 0:27:47]} Re5 {[%clk 0:15:40]} 32. Ne4 {[%clk 0:23:59]} Rf8
{[%clk 0:14:11]} 33. R1f2 {[%clk 0:21:33]} Rf7 {[%clk 0:12:15]} 34. Nd6 {[%clk
0:20:47]} Rf8 {[%clk 0:11:33]} 35. Ne4 {[%clk 0:17:27]} Rf7 {[%clk 0:11:30]}
36. Nc3 {[%clk 0:16:19]} Kxg5 {[%clk 0:09:23]} 37. d4 {[%clk 0:15:36]} Re8
{[%clk 0:09:09]} 38. d5 {[%clk 0:13:37]} cxd5 {[%clk 0:08:35]} 39. Nxd5 {[%clk
0:13:39]} Kg6 {[%clk 0:08:20]} 40. Nc3 {[%clk 0:12:52]} Re5 {[%clk 0:08:20]}
41. Ne2 {[%clk 0:11:28]} Rc5 {[%clk 0:07:26]} 42. Nd4 {[%clk 0:09:34]} Rf6
{[%clk 0:07:13]} 43. Re2 {[%clk 0:06:11]} Kf7 {[%clk 0:02:42]} 44. Re3 {[%clk
0:05:11]} Rd5 {[%clk 0:02:04]} 45. Rb3 {[%clk 0:04:32]} a6 {[%clk 0:02:10]} 46.
Rc3 {[%clk 0:02:19]} Kg6 {[%clk 0:01:36]} 47. Rg3+ {[%clk 0:02:08]} Kf7 {[%clk
0:14:39]} 48. Rg5 {[%clk 0:16:43]} Ke7 {[%clk 0:14:02]} 49. Nxf5+ {[%clk
0:16:24]} Kd8 {[%clk 0:13:21]} 50. Rd4 {[%clk 0:14:30]} Rd7 {[%clk 0:08:53]}
51. Rxd7+ {[%clk 0:13:01]} Kxd7 {[%clk 0:09:15]} 52. Nd4 {[%clk 0:13:11]} Rb6
{[%clk 0:09:08]} 53. Rd5+ {[%clk 0:13:11]} Kc7 {[%clk 0:09:20]} 54. Kf2 {[%clk
0:13:20]} Kc8 {[%clk 0:09:06]} 55. Re5 {[%clk 0:12:41]} Rd6 {[%clk 0:08:38]}
56. Ke3 {[%clk 0:12:52]} Kb7 {[%clk 0:08:49]} 57. Re7+ {[%clk 0:12:42]} Kb8
{[%clk 0:08:06]} 58. Re6 {[%clk 0:13:03]} Rxe6+ {[%clk 0:08:15]} 59. Nxe6
{[%clk 0:13:48]} Kb7 {[%clk 0:08:37]} 60. Kd3 1-0

[Event "DVM U12 2016"]
[Site "Magdeburg GER"]
[Date "2016.12.30"]
[Round "7"]
[White "Rosenhain, Jonathan"]
[Black "Dunder, Tim"]
[Result "1-0"]
[Termination "normal"]
[Board "3.4"]
[WhiteElo "1222"]
[BlackElo "1198"]
[WhiteTeam "Schachpinguine Berlin"]
[BlackTeam "SG Königskinder Hohentübingen"]
[PlyCount "127"]
[WhiteFideId "16212169"]
[EventCountry "GER"]
[EventRounds "7"]
[EventType "team-swiss"]
[EventDate "2016.12.26"]

1. e4 c5 2. Nf3 a6 3. c4 Nc6 4. Nc3 g6 5. Be2 Bg7 6. O-O e6 7. d3 Nge7 8. Be3
d6 9. d4 cxd4 10. Nxd4 O-O 11. f3 f5 12. Qd2 e5 13. Nc2 Qc7 14. Rab1 Be6 15. b4
b6 16. a4 Rfd8 17. Nd5 Qb7 18. Bxb6 Rd7 19. b5 Nb4 20. Ncxb4 Bxd5 21. Nxd5 Nxd5
22. Qxd5+ Qxd5 23. cxd5 a5 24. Rfc1 Rb7 25. Rc6 Bh6 26. Rxd6 Rxb6 27. Rxb6 Be3+
28. Kf1 Bxb6 29. Rc1 Kf7 30. Rc6 Rb8 31. Ke1 Ke8 32. Re6+ Kf7 33. Rxe5 Bd4 34.
Re6 Rb7 35. Rc6 Ke8 36. Kd2 Kd7 37. Kd3 Bg1 38. h3 Bb6 39. g4 fxe4+ 40. Kxe4
Bc7 41. f4 Ke8 42. h4 Bd8 43. h5 g5 44. f5 Re7+ 45. Re6 Rxe6+ 46. dxe6 Bc7 47.
Kd5 Ke7 48. Kc6 Be5 49. b6 h6 50. b7 Bb8 51. Kb5 Kf6 52. Kxa5 Ke7 53. Kb6 Kd8
54. a5 Bc7+ 55. Ka7 Ke7 56. b8=Q Bxb8+ 57. Kxb8 Kf6 58. a6 Ke7 59. a7 Kf6 60.
a8=Q Ke7 61. Qc6 Kf8 62. Qd7 Kg8 63. f6 Kh8 64. Qg7# 1-0

[Event "DVM U12 2016"]
[Site "Magdeburg GER"]
[Date "2016.12.30"]
[Round "7"]
[White "Liebold, Aaron"]
[Black "Zeuner, Ole"]
[Result "1/2-1/2"]
[Termination "normal"]
[Board "4.1"]
[WhiteElo "1746"]
[BlackElo "1701"]
[WhiteClock "00:10:50"]
[BlackClock "00:12:07"]
[WhiteTeam "ESV Gera"]
[BlackTeam "Schachzwerge Magdeburg"]
[PlyCount "80"]
[WhiteFideId "12997846"]
[BlackFideId "12943576"]
[EventCountry "GER"]
[EventRounds "7"]
[EventType "team-swiss"]
[EventDate "2016.12.26"]

1. e4 {[%clk 1:15:57]} c5 {[%clk 1:15:46]} 2. Nf3 {[%clk 1:16:18]} e6 {[%clk
1:15:30]} 3. d4 {[%clk 1:16:17]} cxd4 {[%clk 1:15:50]} 4. Nxd4 {[%clk 1:16:43]}
Nf6 {[%clk 1:16:11]} 5. f3 {[%clk 1:16:04]} Nc6 {[%clk 1:15:55]} 6. Be3 {[%clk
1:16:17]} d5 {[%clk 1:14:28]} 7. Nxc6 {[%clk 1:11:00]} bxc6 {[%clk 1:14:30]} 8.
Nc3 {[%clk 1:10:11]} Bb4 {[%clk 1:09:18]} 9. e5 {[%clk 1:02:32]} Nd7 {[%clk
1:06:54]} 10. f4 {[%clk 1:00:03]} Qe7 {[%clk 0:55:53]} 11. Be2 {[%clk 0:56:16]}
O-O {[%clk 0:54:17]} 12. O-O {[%clk 0:55:36]} f6 {[%clk 0:47:38]} 13. exf6
{[%clk 0:46:51]} Nxf6 {[%clk 0:46:36]} 14. a3 {[%clk 0:46:33]} Bd6 {[%clk
0:44:11]} 15. Bd4 {[%clk 0:39:42]} c5 {[%clk 0:40:43]} 16. Be5 {[%clk 0:38:52]}
Bxe5 {[%clk 0:38:08]} 17. fxe5 {[%clk 0:38:20]} Nd7 {[%clk 0:38:18]} 18. Nxd5
{[%clk 0:35:59]} Rxf1+ {[%clk 0:32:23]} 19. Bxf1 {[%clk 0:35:08]} Qf7 {[%clk
0:32:12]} 20. Nc7 {[%clk 0:27:17]} Rb8 {[%clk 0:32:32]} 21. Bc4 {[%clk
0:27:29]} Nxe5 {[%clk 0:31:26]} 22. Qd8+ {[%clk 0:27:36]} Qf8 {[%clk 0:31:51]}
23. Bxe6+ {[%clk 0:26:15]} Bxe6 {[%clk 0:31:55]} 24. Qxf8+ {[%clk 0:26:39]}
Kxf8 {[%clk 0:30:27]} 25. Nxe6+ {[%clk 0:26:55]} Kf7 {[%clk 0:30:45]} 26. Nxc5
{[%clk 0:26:16]} Rxb2 {[%clk 0:30:35]} 27. Rf1+ {[%clk 0:25:56]} Kg6 {[%clk
0:30:12]} 28. Rc1 {[%clk 0:25:14]} Nc4 {[%clk 0:26:59]} 29. a4 {[%clk 0:14:44]}
Ra2 {[%clk 0:25:43]} 30. c3 {[%clk 0:11:51]} Nb6 {[%clk 0:19:39]} 31. Rd1
{[%clk 0:11:39]} Nxa4 {[%clk 0:17:32]} 32. Nxa4 {[%clk 0:10:48]} Rxa4 {[%clk
0:17:54]} 33. Rd6+ {[%clk 0:10:54]} Kf5 {[%clk 0:17:00]} 34. Rd7 {[%clk
0:10:30]} Kf6 {[%clk 0:17:21]} 35. Rc7 {[%clk 0:10:29]} Ra2 {[%clk 0:17:06]}
36. c4 {[%clk 0:10:42]} a5 {[%clk 0:16:55]} 37. c5 {[%clk 0:10:43]} a4 {[%clk
0:16:50]} 38. Ra7 {[%clk 0:11:01]} Rc2 {[%clk 0:13:58]} 39. Rxa4 {[%clk
0:10:48]} Rxc5 {[%clk 0:14:21]} 40. Kf2 {[%clk 0:10:50]} Rc3 {[%clk 0:12:07]}
1/2-1/2